[Event "BEL-ch op"]
[Site "Namur"]
[Date "2006.07.08"]
[Round "8"]
[White "Sarrau, Jelle"]
[Black "Minnebo, Alain"]
[Result "0-1"]
[WhiteElo "2182"]
[BlackElo "2268"]
[PlyCount "108"]
[EventDate "2006.07.01"]
[EventType "swiss"]
[EventRounds "9"]
[EventCountry "BEL"]
[SourceTitle "CBM 113 Extra"]
[Source "ChessBase"]
[SourceDate "2006.09.14"]
[SourceVersion "1"]
[SourceVersionDate "2006.09.14"]
[SourceQuality "1"]

1. e4 c5 2. Nc3 e6 3. g3 d5 4. d3 dxe4 5. dxe4 Qxd1+ 6. Nxd1 Bd7 7. Ne3 Bc6 8. Bg2 Nd7 9. Bd2 Ngf6 10. f3 b5 11. Ne2 Bd6 12. a4 a6 13. Nc3 0-0 14. 0-0 Be5 15. Rfb1 Rfd8 16. axb5 axb5 17. Rxa8 Rxa8 18. Bf1 c4 19. Ne2 g5 20. Bh3 h5 21. g4 h4 22. Bf1 Nh7 23. h3 f6 24. Bc3 Bxc3 25. Nxc3 Ne5 26. Kf2 Nf8 27. Ne2 Nfg6 28. b3 cxb3 29. Rxb3 Rd8 30. Rb1 Kf7 31. Rd1 Rc8 32. Nd4 Nf4 33. Rb1 Rd8 34. c3 b4 35. Nc4 Be8 36. Nxe5+ fxe5 37. Ne2 Nxe2 38. Bxe2 bxc3 39. Rb7+ Rd7 40. Rxd7+ Bxd7 41. Ke3 Ba4 42. Bf1 Ke7 43. Bc4 Kd6 44. Kd3 c2 45. Kd2 Kc5 46. Bxe6 Kd4 47. Bf5 c1Q+ 48. Kxc1 Ke3 49. Bg6 Kxf3 50. Kd2 Bc6 51. Bf5 Bxe4 52. Bxe4+ Kxe4 53. Ke2 Kf4 54. Kf2 e4 0-1

[Event "BEL-ch op"]
[Site "Namur"]
[Date "2006.07.07"]
[Round "7"]
[White "Minnebo, Alain"]
[Black "Schoemans, Roy"]
[Result "1/2-1/2"]
[WhiteElo "2268"]
[BlackElo "2217"]
[PlyCount "79"]
[EventDate "2006.07.01"]
[EventType "swiss"]
[EventRounds "9"]
[EventCountry "BEL"]
[SourceTitle "CBM 113 Extra"]
[Source "ChessBase"]
[SourceDate "2006.09.14"]
[SourceVersion "1"]
[SourceVersionDate "2006.09.14"]
[SourceQuality "1"]

1. Nf3 d6 2. c4 g6 3. Nc3 Bg7 4. g3 e5 5. Bg2 Nc6 6. 0-0 f5 7. d3 Nf6 8. Rb1 a5 9. a3 0-0 10. b4 axb4 11. axb4 h6 12. b5 Ne7 13. Bb2 g5 14. Ra1 Rb8 15. c5 f4 16. Qb3+ Kh7 17. b6 fxg3 18. hxg3 dxc5 19. bxc7 Qxc7 20. Nb5 Qb6 21. Nxe5 Be6 22. Nc4 Qd8 23. Be5 Ng4 24. Bxg7 Kxg7 25. Qc3+ Kg8 26. Ncd6 Qb6 27. Ra4 c4 28. dxc4 Rxf2 29. c5 Rxg2+ 30. Kxg2 Qc6+ 31. e4 Ng6 32. Rf6 Nxf6 33. Qxf6 Nf8 34. Qe5 Rd8 35. Ra1 b6 36. cxb6 Qc2+ 37. Kh1 Qf2 38. Nd4 Ra8 39. Rxa8 Qf1+ 40. Kh2 1/2-1/2

[Event "Avoine op 19th"]
[Site "Avoine"]
[Date "2004.07.??"]
[Round "?"]
[White "Shirazi, Kamran"]
[Black "Minnebo, Alain"]
[Result "1-0"]
[WhiteElo "2394"]
[BlackElo "2248"]
[PlyCount "87"]
[EventDate "2004.07.??"]
[EventType "swiss"]
[EventRounds "9"]
[EventCountry "FRA"]
[SourceTitle "EXT 2005"]
[Source "ChessBase"]
[SourceDate "2004.11.15"]
[SourceVersion "1"]
[SourceVersionDate "2004.11.15"]
[SourceQuality "1"]

1. e4 c5 2. Nf3 e6 3. b3 d6 4. Bb2 Nc6 5. d4 cxd4 6. Nxd4 Nf6 7. Nxc6 bxc6 8. e5 dxe5 9. Qxd8+ Kxd8 10. Bxe5 Bc5 11. Be2 Nd7 12. Bb2 f6 13. Nd2 Kc7 14. Ne4 Bb4+ 15. c3 Be7 16. 0-0-0 Nc5 17. Ng3 e5 18. Rhe1 g6 19. f4 exf4 20. Bf3 Re8 21. Ne2 Ne6 22. Nd4 Nxd4 23. Rxd4 f5 24. Kc2 Bd7 25. Bc1 g5 26. Bh5 Bc5 27. Bxe8 Rxe8 28. Rxe8 Bxe8 29. Rd1 Bf7 30. c4 Bd6 31. h4 g4 32. c5 Bxc5 33. Bxf4+ Kc8 34. Re1 Kd7 35. Be3 Bxe3 36. Rxe3 f4 37. Re5 Bd5 38. Re2 f3 39. gxf3 gxf3 40. Re1 Kd6 41. Kd3 Kc5 42. Re7 h5 43. Rxa7 Kb4 44. Ra4+ 1-0

[Event "Avoine op 18th"]
[Site "Avoine"]
[Date "2003.07.22"]
[Round "4"]
[White "Minnebo, Alain"]
[Black "Istratescu, Andrei"]
[Result "0-1"]
[WhiteElo "2268"]
[BlackElo "2586"]
[PlyCount "58"]
[EventDate "2003.07.19"]
[EventType "swiss"]
[EventRounds "9"]
[EventCountry "FRA"]
[SourceTitle "CBM 095 Extra"]
[Source "ChessBase"]
[SourceDate "2003.09.04"]
[SourceVersion "1"]
[SourceVersionDate "2003.09.04"]
[SourceQuality "1"]

1. e4 d5 2. exd5 Qxd5 3. Nc3 Qa5 4. Bc4 c6 5. Rb1 Qc7 6. Qf3 Nf6 7. h3 Nbd7 8. d4 e5 9. Qe2 b5 10. Bd3 Be7 11. Nf3 exd4 12. Nxd4 Nc5 13. b4 Nxd3+ 14. Qxd3 0-0 15. 0-0 Rd8 16. Nce2 a5 17. a3 axb4 18. axb4 Nd5 19. c3 Bf6 20. Bd2 Ra3 21. Ra1 Nxb4 22. Qe4 Rxa1 23. Rxa1 c5 24. cxb4 cxd4 25. Rc1 Qd7 26. Qc6 Qxc6 27. Rxc6 Be6 28. f3 Bc4 29. Kf2 h5 0-1

[Event "Avoine op 18th"]
[Site "Avoine"]
[Date "2003.07.21"]
[Round "3"]
[White "De Barros, Frederic"]
[Black "Minnebo, Alain"]
[Result "0-1"]
[WhiteElo "2094"]
[BlackElo "2268"]
[PlyCount "100"]
[EventDate "2003.07.19"]
[EventType "swiss"]
[EventRounds "9"]
[EventCountry "FRA"]
[SourceTitle "CBM 095 Extra"]
[Source "ChessBase"]
[SourceDate "2003.09.04"]
[SourceVersion "1"]
[SourceVersionDate "2003.09.04"]
[SourceQuality "1"]

1. Nf3 c5 2. c4 Nf6 3. g3 b6 4. Bg2 Bb7 5. 0-0 g6 6. b3 Bg7 7. Bb2 0-0 8. d4 cxd4 9. Nxd4 Bxg2 10. Kxg2 Qc8 11. e3 a6 12. Qf3 Nc6 13. Nxc6 dxc6 14. Rd1 Qe6 15. Nc3 Ng4 16. Rd2 Ne5 17. Qe4 f5 18. Qc2 g5 19. Ne2 f4 20. exf4 gxf4 21. gxf4 Qg4+ 22. Kh1 Nf3 23. Rg1 Nxg1 24. Nxg1 Bxb2 25. f3 Qxf4 26. Qxb2 Qf6 27. Rg2+ Kh8 28. Qf2 Rg8 29. Rg3 Rxg3 30. hxg3 Rd8 31. Qxb6 Rd2 32. Qe3 Qb2 33. Qh6 Rd8 34. Qxc6 Qe5 35. g4 Rd6 36. f4 Rxc6 37. fxe5 Rg6 38. Kg2 Rxg4+ 39. Kf2 Kg7 40. Nf3 Kf7 41. Ke3 Ke6 42. a3 h5 43. c5 Kd5 44. b4 a5 45. bxa5 Kxc5 46. Nd2 Kb5 47. a6 Kxa6 48. Ne4 Ka5 49. Kd4 h4 50. Kd5 e6+ 0-1

[Event "Bad Woerishofen op 19th"]
[Site "Bad Woerishofen"]
[Date "2003.03.19"]
[Round "7"]
[White "Minnebo, Alain"]
[Black "Pohl, Walter"]
[Result "1/2-1/2"]
[WhiteElo "2262"]
[BlackElo "2121"]
[PlyCount "141"]
[EventDate "2003.03.13"]
[EventType "swiss"]
[EventRounds "9"]
[EventCountry "GER"]
[SourceTitle "CBM 093 Extra"]
[Source "ChessBase"]
[SourceDate "2003.05.09"]
[SourceVersion "1"]
[SourceVersionDate "2003.05.09"]
[SourceQuality "1"]

1. c4 e5 2. g3 Nc6 3. Bg2 g6 4. Nc3 Bg7 5. Nf3 d6 6. 0-0 f5 7. Rb1 a5 8. a3 Nf6 9. d4 e4 10. Ng5 0-0 11. f3 h6 12. Nh3 exf3 13. Bxf3 g5 14. Nf2 Bd7 15. e3 Be8 16. Nd3 Bg6 17. Bg2 Qd7 18. b4 axb4 19. axb4 Ne4 20. Nxe4 fxe4 21. Nf2 Rae8 22. Rb3 d5 23. c5 h5 24. Bd2 Nd8 25. b5 g4 26. Qc2 Bf5 27. c6 bxc6 28. Rc1 h4 29. bxc6 Qe6 30. Ba5 Rf7 31. Qc3 hxg3 32. hxg3 Qd6 33. Nh1 Qh6 34. Rb2 Bf6 35. Rf2 Bg5 36. Re2 Re6 37. Qe1 Ref6 38. Bd2 Rh7 39. Rf2 Qh2+ 40. Kf1 Qxh1+ 41. Bxh1 Rxh1+ 42. Kg2 Rxe1 43. Rxe1 Kf7 44. Ba5 Ne6 45. Rb2 Nd8 46. Rb5 Be6 47. Bxc7 Nxc6 48. Bf4 Bxf4 49. gxf4 Nxd4 50. exd4 Rxf4 51. Rf1 Rf3 52. Rf2 Rxf2+ 53. Kxf2 Kf6 54. Rb6 Kf5 55. Rb3 Kf4 56. Ra3 Bd7 57. Ra7 e3+ 58. Ke1 Bb5 59. Re7 g3 60. Rf7+ Ke4 61. Rg7 Kxd4 62. Rxg3 Bc4 63. Rg7 Kd3 64. Re7 d4 65. Kd1 Kc3 66. Re8 e2+ 67. Ke1 Ba6 68. Re7 Bb5 69. Rc7+ Bc4 70. Rd7 Be6 71. Rxd4 1/2-1/2

[Event "Liechtenstein op 15th"]
[Site "Liechtenstein"]
[Date "1997.??.??"]
[Round "8"]
[White "Minnebo, Alain"]
[Black "Grabher, Heinz"]
[Result "0-1"]
[WhiteElo "2280"]
[BlackElo "2275"]
[PlyCount "84"]
[EventDate "1997.??.??"]
[EventType "swiss"]
[EventRounds "9"]
[EventCountry "LIE"]
[SourceTitle "EXT 1999"]
[Source "ChessBase"]
[SourceDate "1998.11.16"]
[SourceVersion "1"]
[SourceVersionDate "1998.11.16"]
[SourceQuality "1"]

1. c4 Nc6 2. g3 e5 3. Nc3 Nf6 4. Bg2 Bb4 5. Nf3 0-0 6. 0-0 Re8 7. Ne1 Bxc3 8. dxc3 Qe7 9. Bg5 h6 10. Bxf6 Qxf6 11. Nc2 a5 12. a4 Ne7 13. e4 d6 14. Ne3 Be6 15. Qb3 b6 16. Rad1 Kh8 17. Rd2 h5 18. Qd1 Qh6 19. f4 Bd7 20. b3 Bc6 21. Qe1 exf4 22. gxf4 Qf6 23. Re2 Rad8 24. Nd5 Nxd5 25. cxd5 Bd7 26. e5 Qg6 27. Kh1 Re7 28. e6 Bc8 29. Qh4 Rde8 30. f5 Qg4 31. Re4 Qxh4 32. Rxh4 fxe6 33. Rxh5+ Kg8 34. fxe6 c6 35. c4 cxd5 36. cxd5 g6 37. Rg5 Rg7 38. Be4 Bb7 39. Rfg1 Rxe6 40. Bg2 Re3 41. Rg3 Rxg3 42. hxg3 Rh7+ 0-1

[Event "Reunion IBM op"]
[Site "Reunion"]
[Date "1997.??.??"]
[Round "3"]
[White "Minnebo, Alain"]
[Black "Kosten, Anthony C"]
[Result "0-1"]
[WhiteElo "2300"]
[BlackElo "2535"]
[PlyCount "69"]
[EventDate "1997.??.??"]
[EventType "swiss"]
[EventRounds "9"]
[EventCountry "RUF"]
[SourceTitle "EXT 1998"]
[Source "ChessBase"]
[SourceDate "1997.11.17"]
[SourceVersion "1"]
[SourceVersionDate "1997.11.17"]
[SourceQuality "1"]

1. Nf3 Nf6 2. c4 g6 3. Nc3 Bg7 4. e4 d6 5. d4 0-0 6. Be2 e5 7. 0-0 Nbd7 8. Be3 c6 9. Qc2 Ng4 10. Bg5 f6 11. Bh4 Nh6 12. Rad1 g5 13. Bg3 g4 14. Nh4 exd4 15. Na4 Ne5 16. Rxd4 f5 17. Nxf5 Bxf5 18. exf5 Nxf5 19. Rf4 Nxg3 20. fxg3 Qe7 21. Qe4 Qd7 22. Bxg4 Nxg4 23. Rxg4 Rxf1+ 24. Kxf1 Re8 25. Qf3 Qe6 26. Qd1 Rf8+ 27. Kg1 Qe3+ 28. Kh1 Qd2 29. Qg1 Re8 30. Rf4 Re1 31. Rf1 Bd4 32. Rxe1 Bxg1 33. Rxg1 Qc2 34. Nc3 Qxb2 35. Ne4 0-1

[Event "Geneve op"]
[Site "Geneve"]
[Date "1997.??.??"]
[Round "1"]
[White "Minnebo, Alain"]
[Black "Tkachiev, Vladislav"]
[Result "0-1"]
[WhiteElo "2280"]
[BlackElo "2630"]
[PlyCount "69"]
[EventDate "1997.01.??"]
[EventType "swiss"]
[EventRounds "9"]
[EventCountry "SUI"]
[SourceTitle "EXT 1998"]
[Source "ChessBase"]
[SourceDate "1997.11.17"]
[SourceVersion "1"]
[SourceVersionDate "1997.11.17"]
[SourceQuality "1"]

1. d4 Nf6 2. c4 g6 3. Nc3 Bg7 4. e4 d6 5. h3 0-0 6. Bg5 Nbd7 7. Nf3 e5 8. d5 h6 9. Be3 Nc5 10. Nd2 a5 11. Be2 Bd7 12. b3 Nh7 13. g4 f5 14. f3 c6 15. a3 Rc8 16. Rc1 Na6 17. Bd3 fxg4 18. hxg4 Ng5 19. Be2 Nf7 20. Nf1 Bf6 21. Qd2 Bg5 22. Bxg5 Nxg5 23. Rxh6 Kg7 24. Rh1 Rxf3 25. Kd1 Rf4 26. Kc2 Nc5 27. Ng3 a4 28. Nxa4 Ra8 29. Rb1 cxd5 30. exd5 Bxa4 31. bxa4 Rxa4 32. Qe3 Qa5 33. Kb2 b5 34. Rhf1 bxc4 35. Rxf4 0-1

[Event "Geneve op"]
[Site "Geneve"]
[Date "1997.??.??"]
[Round "9"]
[White "Sher, Miron Naumovich"]
[Black "Minnebo, Alain"]
[Result "1-0"]
[WhiteElo "2470"]
[BlackElo "2280"]
[PlyCount "73"]
[EventDate "1997.01.??"]
[EventType "swiss"]
[EventRounds "9"]
[EventCountry "SUI"]
[SourceTitle "EXT 1998"]
[Source "ChessBase"]
[SourceDate "1997.11.17"]
[SourceVersion "1"]
[SourceVersionDate "1997.11.17"]
[SourceQuality "1"]

1. c4 c5 2. Nf3 Nf6 3. Nc3 e6 4. e3 d5 5. d4 Nc6 6. cxd5 exd5 7. Bb5 Bd6 8. 0-0 0-0 9. dxc5 Bxc5 10. b3 Re8 11. Bb2 Bg4 12. Rc1 Bd6 13. Be2 a6 14. Nd4 Ne5 15. Nxd5 Nxd5 16. Bxg4 Nb4 17. Bf3 Nbd3 18. Rc2 Nxb2 19. Rxb2 Qf6 20. Rc2 Rad8 21. Qc1 Bc5 22. Bxb7 Bxd4 23. exd4 Nd3 24. Qd2 Rxd4 25. Rc8 Rxc8 26. Bxc8 Qd8 27. Bxa6 Nb4 28. Qe2 Rd2 29. Qb5 Nxa2 30. Qc5 Rd5 31. Qe3 Rd1 32. g3 Nb4 33. Bc4 Rxf1+ 34. Kxf1 Nc2 35. Qf3 Nd4 36. Qxf7+ Kh8 37. Qd5 1-0

[Event "Geneve op"]
[Site "Geneve"]
[Date "1997.??.??"]
[Round "7"]
[White "Ye, Jiangchuan"]
[Black "Minnebo, Alain"]
[Result "1-0"]
[WhiteElo "2510"]
[BlackElo "2280"]
[PlyCount "61"]
[EventDate "1997.01.??"]
[EventType "swiss"]
[EventRounds "9"]
[EventCountry "SUI"]
[SourceTitle "EXT 1998"]
[Source "ChessBase"]
[SourceDate "1997.11.17"]
[SourceVersion "1"]
[SourceVersionDate "1997.11.17"]
[SourceQuality "1"]

1. e4 c5 2. Nf3 d6 3. d4 Nf6 4. Nc3 cxd4 5. Nxd4 e6 6. g4 e5 7. Bb5+ Bd7 8. Bxd7+ Qxd7 9. Nf5 h5 10. gxh5 Nxh5 11. Bh6 Nc6 12. Qxh5 Ne7 13. Nxe7 Bxe7 14. 0-0-0 Rxh6 15. Qe2 0-0-0 16. Kb1 Kb8 17. Nd5 Rdh8 18. f3 Bd8 19. Ne3 Bc7 20. a3 Re6 21. Nc4 Rc8 22. Rd5 Qc6 23. Rhd1 a6 24. R1d2 Rh8 25. Ne3 g6 26. R2d3 Bb6 27. Rc3 Qa4 28. Nc4 Bd4 29. Rb3 Bc5 30. Qd3 Rc8 31. Nxd6 1-0

[Event "Liechtenstein op 14th"]
[Site "Liechtenstein"]
[Date "1996.??.??"]
[Round "7"]
[White "Foisor, Cristina Adela B"]
[Black "Minnebo, Alain"]
[Result "0-1"]
[WhiteElo "2370"]
[BlackElo "2295"]
[PlyCount "48"]
[EventDate "1996.05.??"]
[EventType "swiss"]
[EventRounds "9"]
[EventCountry "LIE"]
[SourceTitle "EXT 1998"]
[Source "ChessBase"]
[SourceDate "1997.11.17"]
[SourceVersion "1"]
[SourceVersionDate "1997.11.17"]
[SourceQuality "1"]

1. c4 e5 2. g3 Nf6 3. Bg2 d5 4. cxd5 Nxd5 5. Nf3 Nc6 6. 0-0 Be7 7. d4 e4 8. Ne5 f5 9. Nxc6 bxc6 10. Nd2 h5 11. Nb3 h4 12. Bd2 Qd6 13. Qc1 Ba6 14. Re1 Rh5 15. Nc5 hxg3 16. hxg3 g5 17. Nxa6 0-0-0 18. Nb4 Nxb4 19. Bxb4 Qh6 20. Bxe7 Rh8 21. f4 Rh2 22. Kf2 Rxg2+ 23. Ke3 gxf4+ 24. gxf4 Qh3+ 0-1

[Event "Asti op 17th"]
[Site "Asti"]
[Date "1996.??.??"]
[Round "?"]
[White "Minnebo, Alain"]
[Black "Frank, Albert"]
[Result "1-0"]
[WhiteElo "2200"]
[BlackElo "2155"]
[PlyCount "81"]
[EventDate "1996.10.??"]
[EventType "swiss"]
[EventRounds "9"]
[EventCountry "ITA"]
[SourceTitle "EXT 1998"]
[Source "ChessBase"]
[SourceDate "1997.11.17"]
[SourceVersion "1"]
[SourceVersionDate "1997.11.17"]
[SourceQuality "1"]

1. c4 c5 2. Nf3 Nf6 3. Nc3 d5 4. cxd5 Nxd5 5. e4 Nc7 6. Bc4 Ne6 7. b4 cxb4 8. Nd5 g6 9. Bb2 Bg7 10. Bxg7 Nxg7 11. Nxb4 0-0 12. 0-0 Nd7 13. d4 Nb6 14. Be2 Bd7 15. Qd2 Rc8 16. Rac1 Rxc1 17. Rxc1 Qb8 18. Nd3 Rc8 19. Nc5 Ne6 20. g3 Nf8 21. Ne5 Be8 22. Rb1 Qc7 23. a4 Rb8 24. Qa5 Qd8 25. Rb4 f6 26. Ned3 f5 27. f3 Bc6 28. d5 fxe4 29. fxe4 Be8 30. Qxa7 Nxa4 31. Nxa4 Ra8 32. Qb6 Qd7 33. Nac5 Qh3 34. Nf4 Ra1+ 35. Rb1 Rxb1+ 36. Qxb1 Qh6 37. Qxb7 g5 38. Nfe6 Qf6 39. Qb1 Bg6 40. Bd3 Qe5 41. Kg2 1-0

[Event "Asti op 17th"]
[Site "Asti"]
[Date "1996.??.??"]
[Round "?"]
[White "Mrdja, Milan"]
[Black "Minnebo, Alain"]
[Result "1-0"]
[WhiteElo "2455"]
[BlackElo "2200"]
[PlyCount "69"]
[EventDate "1996.10.??"]
[EventType "swiss"]
[EventRounds "9"]
[EventCountry "ITA"]
[SourceTitle "EXT 1998"]
[Source "ChessBase"]
[SourceDate "1997.11.17"]
[SourceVersion "1"]
[SourceVersionDate "1997.11.17"]
[SourceQuality "1"]

1. e4 c5 2. Nf3 d6 3. d4 Nf6 4. Nc3 cxd4 5. Nxd4 e6 6. g4 e5 7. Nf5 h5 8. g5 Nxe4 9. Nxg7+ Bxg7 10. Nxe4 d5 11. Ng3 Nc6 12. h4 Bg4 13. f3 Be6 14. c3 Qc7 15. f4 exf4 16. Nxh5 Qe5+ 17. Kf2 Rxh5 18. Qxh5 d4 19. Bh3 Kf8 20. Re1 Qc5 21. Bxe6 fxe6 22. Bxf4 Kg8 23. Rxe6 dxc3+ 24. Kg3 Rf8 25. Re8 cxb2 26. Rxf8+ Qxf8 27. Re1 Qf5 28. Qe8+ Qf8 29. Qe4 Nd4 30. h5 Qf5 31. Qxf5 Nxf5+ 32. Kg4 Bc3 33. Rb1 Nd4 34. Be5 b5 35. g6 1-0